[Event "ICS rated blitz match"]
[Site "204.178.125.65"]
[Date "1999.08.21"]
[Round "?"]
[White "Hossa"]
[Black "Esen"]
[Result "1/2-1/2"]
[WhiteElo "2519"]
[BlackElo "2007"]
[PlyCount "379"]

1. d4 Nf6 2. c4 e6 3. Nc3 Bb4 4. Bg5 Bxc3+ 5. bxc3 h6 6. Bxf6 Qxf6 7. e4 d6 8.
Bd3 e5 9. Qf3 Qxf3 10. Nxf3 Nc6 11. Rb1 b6 12. Ke2 Bg4 13. d5 Na5 14. Rb2 Bxf3+
15. Kxf3 Ke7 16. g3 Nb7 17. Ke2 Nc5 18. Rhb1 a5 19. h4 g5 20. h5 f6 21. g4 Raf8
22. f3 Ra8 23. Ke3 Rad8 24. a3 Rc8 25. Rb5 Rcd8 26. R1b2 Rc8 27. Kd2 Rcd8 28.
Kc2 Rc8 29. Be2 Ra8 30. Kd2 Rac8 31. Rb1 Ra8 32. Bd3 Ra7 33. Ke3 Rha8 34. R5b2
Ra6 35. Ke2 R6a7 36. Kd2 Na4 37. Ra2 Nc5 38. Rc2 Ra6 39. Rcb2 Rd8 40. Rb5 Raa8
41. Ke3 Rf8 42. R5b2 Rf7 43. Bc2 Raf8 44. Ke2 Rb8 45. Bd3 Rff8 46. Rb5 Rbc8 47.
Kd2 Ra8 48. Ke3 Rac8 49. Bc2 Ra8 50. Ke2 Ra7 51. R5b2 Rfa8 52. Kd2 Ra6 53. Rb5
R6a7 54. Ke3 Ra6 55. R1b2 R8a7 56. Bd3 Ra8 57. Kd2 R6a7 58. Ke2 Kd7 59. Rb1 Kc8
60. Ke3 a4 61. R5b4 Nb3 62. Rb2 Ra5 63. Kf2 R5a7 64. Ke2 Ra5 65. Rb1 Rc5 66.
Ke3 Rca5 67. Rb2 R5a7 68. Be2 Ra5 69. Rc2 R5a7 70. Ra2 Ra5 71. Bd1 Nc5 72. Rab2
Nb3 73. Bc2 Nc5 74. Kd2 R5a7 75. Bd3 Ra5 76. Rb1 R5a7 77. R4b2 Nb3+ 78. Ke3 Ra5
79. Kf2 Nc5 80. Ke2 Nb3 81. Ke3 Nc5 82. Kd2 R5a7 83. Rb4 Ra5 84. Ke2 R8a7 85.
R4b2 Ra8 86. Bc2 Nb3 87. Kd3 Nc5+ 88. Kd2 Nb3+ 89. Ke3 Nc5 90. Kf2 R8a7 91. Rb4
Ra8 92. Ke2 R8a7 93. Bd3 Ra8 94. Rc1 Nb3 95. Re1 Nc5 96. Ke3 Na6 97. Rb5 Nc5
98. Rbb1 Nb3 99. Rf1 Nc5 100. Rb4 Nxd3 101. Kxd3 R8a7 102. Rfb1 Ra8 103. Ke3
R8a7 104. Kf2 Ra8 105. Ke1 R8a7 106. Ke2 Ra8 107. Kd3 R8a7 108. R1b2 R7a6 109.
Ke3 Ra7 110. Kf2 Ra8 111. Kg2 R8a7 112. Kf1 R7a6 113. Ke2 Rc5 114. Ke3 Rca5
115. Kd2 Kd7 116. Rb1 Kc8 117. R4b2 Ra7 118. Ke3 Ra8 119. Ke2 R8a7 120. Kf2
R7a6 121. Kg3 Ra7 122. Rb4 Ra8 123. Kh3 R8a7 124. Kg2 Ra8 125. Kf1 R8a7 126.
Kg1 R7a6 127. Kh2 Ra7 128. R1b2 Ra8 129. Kh1 R8a7 130. Kg1 R7a6 131. Rb1 Ra7
132. R4b2 Ra8 133. Kh2 R8a7 134. Kg2 R7a6 135. Kf2 Ra7 136. Rb5 Ra8 137. Ke3
Rxb5 138. cxb5 Ra5 139. c4 Ra7 140. Kd3 Ra8 141. Kc3 Ra7 142. Rd1 Ra8 143. Re1
Ra7 144. Kd3 Ra8 145. Rg1 Ra7 146. Kc3 Ra8 147. Rf1 Ra7 148. Kd3 Ra8 149. Rh1
Ra7 150. Kc3 Ra8 151. Rd1 Ra7 152. Kd3 Ra8 153. Rc1 Ra7 154. Rh1 Ra8 155. Ke3
Ra7 156. Rf1 Ra8 157. Rg1 Ra7 158. Rh1 Ra8 159. Re1 Ra7 160. Rg1 Ra8 161. Ra1
Ra7 162. Kd3 Ra8 163. Kc3 Ra7 164. Rc1 Ra8 165. Rh1 Ra7 166. Ra1 Ra8 167. Kd3
Ra7 168. Ra2 Ra8 169. Kc3 Ra7 170. Rc2 Ra5 171. Rd2 Ra7 172. Kd3 Ra8 173. Ke3
Ra7 174. Re2 Ra8 175. Kd3 Ra7 176. Kc3 Ra8 177. Rf2 Ra7 178. Rg2 Ra8 179. Kd3
Ra7 180. Ke3 Ra8 181. Rh2 Ra7 182. Kd3 Ra8 183. Kc3 Ra7 184. Rf2 Ra8 185. Kd3
Ra7 186. Rg2 Ra8 187. Ke3 Ra7 188. Rh2 Ra8 189. Rb2 Ra7 190. Kd3 {
Game drawn by the 50 move rule} 1/2-1/2

[Event "ICS rated blitz match"]
[Site "204.178.125.65"]
[Date "1999.08.21"]
[Round "?"]
[White "VESta"]
[Black "Hossa"]
[Result "0-1"]
[WhiteElo "2133"]
[BlackElo "2505"]
[PlyCount "104"]

1. e4 e5 2. Nf3 Nc6 3. Bb5 a6 4. Bxc6 dxc6 5. d4 Bg4 6. dxe5 Qxd1+ 7. Kxd1
O-O-O+ 8. Ke2 f6 9. exf6 Nxf6 10. h3 Bxf3+ 11. gxf3 Bd6 12. Be3 Rd7 13. Nd2
Rhd8 14. Nc4 b5 15. Nxd6+ cxd6 16. Rad1 Re8 17. Bg5 d5 18. Bxf6 gxf6 19. Ke3 f5
20. e5 Rxe5+ 21. Kd3 Rde7 22. c3 c5 23. Rd2 Kb7 24. Rg1 b4 25. Rg5 f4 26. Rxe5
Rxe5 27. Rd1 Rh5 28. Ke2 bxc3 29. bxc3 Kc6 30. Rg1 d4 31. cxd4 cxd4 32. Rg4 Rf5
33. Kd3 Kd5 34. Rg7 Rh5 35. Rd7+ Ke5 36. Re7+ Kf6 37. Ra7 Rxh3 38. Rxa6+ Kg5
39. Ra5+ Kh4 40. Ke4 Rh2 41. Rd5 Rxf2 42. Rxd4 Kg3 43. Rd7 Re2+ 44. Kf5 h5 45.
a4 h4 46. Rg7+ Kxf3 47. Rh7 Ra2 48. Rxh4 Rxa4 49. Rh3+ Kf2 50. Rb3 f3 51. Rb2+
Kg1 52. Rb1+ 52... Kg2 {VESta resigns} 0-1

[Event "ICS rated blitz match"]
[Site "204.178.125.65"]
[Date "1999.08.21"]
[Round "?"]
[White "Esen"]
[Black "Hossa"]
[Result "0-1"]
[WhiteElo "2013"]
[BlackElo "2508"]
[PlyCount "57"]

1. e4 e5 2. Nf3 Nc6 3. Bb5 a6 4. Bxc6 dxc6 5. d3 Bg4 6. h3 Bxf3 7. Qxf3 Qf6 8.
Qxf6 Nxf6 9. Bg5 Bb4+ 10. c3 Be7 11. Bxf6 Bxf6 12. Nd2 O-O-O 13. Ke2 Rd6 14.
Nf3 Rhd8 15. Rad1 Kd7 16. g4 Ke6 17. c4 b5 18. c5 R6d7 19. b4 Be7 20. a3 g6 21.
Ne1 a5 22. Nc2 axb4 23. axb4 Bh4 24. f3 f6 25. Rd2 Bg5 26. Rdd1 Bf4 27. Rhf1
Ke7 28. Ne1 Ra8 29. Ng2 {Esen resigns} 0-1

[Event "ICS rated blitz match"]
[Site "204.178.125.65"]
[Date "1999.08.21"]
[Round "?"]
[White "Hossa"]
[Black "Esen"]
[Result "1-0"]
[WhiteElo "2510"]
[BlackElo "2011"]
[PlyCount "90"]

1. d4 Nf6 2. Bg5 e6 3. e4 Be7 4. Bxf6 Bxf6 5. e5 Be7 6. Bd3 O-O 7. f4 g6 8. Nf3
b6 9. O-O Bb7 10. Nc3 d6 11. Nb5 Bxf3 12. Qxf3 d5 13. g3 c6 14. Nc3 b5 15. a4
b4 16. Ne2 a5 17. c4 Nd7 18. cxd5 cxd5 19. Rac1 Rc8 20. Rxc8 Qxc8 21. Rc1 Qb8
22. Bb5 Nb6 23. Rc6 Rc8 24. Qe3 Rxc6 25. Bxc6 Qc7 26. Bb5 Qc2 27. b3 Qd1+ 28.
Kg2 Qc2 29. h4 h5 30. Qd3 Qxd3 31. Bxd3 Bd8 32. Kf3 Kf8 33. Ke3 Ke7 34. Ng1 Nc8
35. Ba6 Na7 36. Bb5 Bb6 37. Nf3 Kf8 38. Ng5 Bd8 39. Nh3 Be7 40. f5 exf5 41. Kd3
f6 42. Nf4 fxe5 43. dxe5 g5 44. hxg5 Bxg5 45. Ne6+ 45... Ke7 {Esen resigns} 1-0

[Event "ICS rated blitz match"]
[Site "204.178.125.65"]
[Date "1999.08.21"]
[Round "?"]
[White "Esen"]
[Black "Hossa"]
[Result "1/2-1/2"]
[WhiteElo "2009"]
[BlackElo "2512"]
[PlyCount "156"]

1. e4 e5 2. Nf3 Nc6 3. Bb5 a6 4. Bxc6 dxc6 5. d3 Bg4 6. h3 Bxf3 7. Qxf3 Qf6 8.
Qxf6 Nxf6 9. Bg5 Be7 10. Bxf6 Bxf6 11. O-O O-O-O 12. Nd2 Rd7 13. g4 h5 14. Kg2
Bg5 15. Nf3 Bf4 16. Rh1 c5 17. b3 g5 18. Rag1 h4 19. Rd1 b5 20. Ra1 Rhd8 21. a4
b4 22. Rad1 Rd6 23. Rhe1 f6 24. Nh2 a5 25. Nf1 Ra6 26. Ne3 Kd7 27. Nc4 c6 28.
Kf3 Ke6 29. Rf1 Ra7 30. Rfe1 Raa8 31. Ne3 Rd7 32. Ng2 Rad8 33. Ne3 Re7 34. Nf5
Rh7 35. Ne3 Rhd7 36. Nc4 Ra7 37. Ne3 Ra6 38. Nc4 Rd4 39. Rf1 Rd7 40. Rfe1 Raa7
41. Rf1 Rd4 42. Rfe1 Ra8 43. Rf1 Kf7 44. Rfe1 Rdd8 45. Rf1 Ra7 46. Rfe1 Rdd7
47. Rf1 Ke6 48. Rfe1 Rd4 49. Rf1 Kf7 50. Rfe1 Kg6 51. Rf1 Rdd7 52. Rfe1 Rd8 53.
Rf1 Ra6 54. Rfe1 Rd7 55. Rf1 Rd4 56. Rfe1 Ra8 57. Rf1 Rdd8 58. Rfe1 Kg7 59. Rf1
Kf7 60. Rfe1 Ke7 61. Rf1 Ra7 62. Rfe1 Kd7 63. Rf1 Kc7 64. Rfe1 Kb7 65. Rf1 Ka6
66. Rfe1 Re7 67. Rf1 Red7 68. Rfe1 Rd4 69. Rf1 Rc8 70. Rfe1 Ra8 71. Rf1 Re8 72.
Rfe1 Rg8 73. Rf1 Rd7 74. Rfe1 Rgd8 75. Rf1 Rb8 76. Rfe1 Rf8 77. Rf1 Bh2 78.
Rfe1 78... Bf4 {Game drawn by the 50 move rule} 1/2-1/2

[Event "ICS rated blitz match"]
[Site "204.178.125.65"]
[Date "1999.08.21"]
[Round "?"]
[White "Hossa"]
[Black "HLP"]
[Result "0-1"]
[WhiteElo "2498"]
[BlackElo "2260"]
[PlyCount "134"]

1. d4 d5 2. c4 e6 3. Nf3 c6 4. Nc3 dxc4 5. e4 b5 6. Ne5 Nf6 7. Bg5 Be7 8. Be2
Bb7 9. Bh5 O-O 10. Rc1 Nbd7 11. Nxd7 Qxd7 12. Bf3 Rfd8 13. Be3 a6 14. Qc2 Rac8
15. O-O c5 16. Rfd1 cxd4 17. Rxd4 Qc7 18. Rcd1 Rxd4 19. Bxd4 Rd8 20. Rd2 e5 21.
Be3 Rxd2 22. Qxd2 Qd8 23. Qxd8+ Bxd8 24. Bc5 Nd7 25. Ba7 Bb6 26. Bxb6 Nxb6 27.
a3 Kf8 28. h4 Ke7 29. g4 Nd7 30. Nd5+ Bxd5 31. exd5 Kd6 32. Be4 h6 33. g5 hxg5
34. hxg5 Nb6 35. f3 Nxd5 36. Kf2 a5 37. g6 f6 38. Ke2 b4 39. axb4 axb4 40. Kd1
Kc5 41. Ke2 Kd4 42. Ke1 Nf4 43. Kd2 Nd3 44. Kc2 b3+ 45. Kb1 c3 46. bxc3+ Kxc3
47. Bd5 Nf4 48. Be4 Ng2 49. Bc6 Ne1 50. Bd5 Nc2 51. Be4 Na3+ 52. Kc1 b2+ 53.
Kd1 b1=Q+ 54. Bxb1 Nxb1 55. Ke2 Kd4 56. Kf2 Nc3 57. Kf1 Ke3 58. Kg2 f5 59. Kg3
Ne2+ 60. Kh2 Kxf3 61. Kh1 e4 62. Kh2 e3 63. Kh3 Nf4+ 64. Kh2 e2 65. Kg1 e1=Q+
66. Kh2 Qf2+ 67. Kh1 67... Qg2# {Hossa checkmated} 0-1

[Event "ICS rated blitz match"]
[Site "204.178.125.65"]
[Date "1999.08.21"]
[Round "?"]
[White "Hossa"]
[Black "Ppizarro"]
[Result "1-0"]
[WhiteElo "2472"]
[BlackElo "2295"]
[PlyCount "163"]

1. d4 d6 2. Nf3 g6 3. e4 Bg7 4. Bb5+ c6 5. Bd3 e5 6. c3 Nd7 7. Bg5 Ngf6 8. Qc1
O-O 9. Bh6 Re8 10. Bxg7 Kxg7 11. Nbd2 h6 12. O-O Qc7 13. Re1 a6 14. Nc4 b5 15.
dxe5 Nxe5 16. Ncxe5 dxe5 17. a4 Bb7 18. Rd1 Rad8 19. axb5 cxb5 20. Qc2 Nh5 21.
g3 Nf6 22. Qe2 Bc8 23. Qe3 Bb7 24. Rd2 Rd7 25. Rad1 Red8 26. h3 Bc6 27. b3 Ne8
28. Qc5 f6 29. Qe3 Nd6 30. Nh2 Nf7 31. Ng4 Qa7 32. Qxa7 Rxa7 33. h4 h5 34. Nh2
Rad7 35. f3 Bb7 36. Nf1 Nd6 37. f4 Nf7 38. Kf2 Kf8 39. Ke3 Ke7 40. Ke2 Rc8 41.
c4 Bc6 42. c5 Rd4 43. Ke3 Rcd8 44. Ra1 Ra8 45. Ra5 Rd7 46. Be2 Nd8 47. fxe5
fxe5 48. b4 Rxd2 49. Nxd2 Ne6 50. Nf3 Kf6 51. g4 hxg4 52. Nh2 g3 53. Ng4+ Kg7
54. Nxe5 Nd8 55. Kf3 Kf6 56. Ng4+ Ke6 57. Kxg3 Bxe4 58. Kf4 Bf5 59. Bxb5 Rb8
60. Rxa6+ Kf7 61. Bc4+ Kg7 62. b5 Nf7 63. Ra7 Rf8 64. Ne5 Kf6 65. Rxf7+ Rxf7
66. Bxf7 Bc8 67. b6 Bb7 68. c6 Bxc6 69. Nxc6 Kxf7 70. h5 gxh5 71. Kg5 h4 72.
Kxh4 Ke6 73. b7 Kd6 74. b8=Q+ Kxc6 75. Qb4 Kc7 76. Qb5 Kd6 77. Qc4 Ke5 78. Kg5
Kd6 79. Kf6 Kd7 80. Qc5 Kd8 81. Ke6 Ke8 82. Qc8# {Ppizarro checkmated} 1-0

[Event "ICS rated blitz match"]
[Site "204.178.125.65"]
[Date "1999.08.21"]
[Round "?"]
[White "NETAO"]
[Black "Hossa"]
[Result "0-1"]
[WhiteElo "2187"]
[BlackElo "2480"]
[PlyCount "56"]

1. e4 e5 2. f4 exf4 3. Bc4 f5 4. exf5 Qh4+ 5. Kf1 f3 6. Bf7+ Kxf7 7. Nxf3 Qf6
8. d3 d5 9. Nc3 c6 10. g4 Bb4 11. Bg5 Qd6 12. Qe2 Nf6 13. Ne5+ Kg8 14. d4 Bxc3
15. bxc3 Ne4 16. Bf4 Nxc3 17. Qf3 Qa3 18. Re1 Nd7 19. g5 Qb4 20. Qh5 Nxe5 21.
Rxe5 Bxf5 22. Rxf5 Qb1+ 23. Kg2 Qxc2+ 24. Kg3 Ne2+ 25. Kg4 g6 26. Rf8+ Rxf8 27.
Qxg6+ hxg6 28. Be5 28... Qf5# {NETAO checkmated} 0-1

[Event "ICS rated blitz match"]
[Site "204.178.125.65"]
[Date "1999.08.21"]
[Round "?"]
[White "Hossa"]
[Black "NETAO"]
[Result "0-1"]
[WhiteElo "2518"]
[BlackElo "2156"]
[PlyCount "70"]

1. d4 Nf6 2. c4 e5 3. dxe5 Ng4 4. Nf3 Nc6 5. Bf4 Bb4+ 6. Nbd2 Qe7 7. e4 Ncxe5
8. Nxe5 Nxe5 9. a3 Bd6 10. Qh5 Nd3+ 11. Bxd3 Bxf4 12. Rd1 g6 13. Qd5 c6 14. Qa5
O-O 15. g3 Be5 16. b3 d5 17. cxd5 cxd5 18. Qxd5 Bg4 19. f3 Bh3 20. Qa5 Rac8 21.
Qxa7 Bc3 22. Be2 Rfd8 23. Qe3 Qxa3 24. Qh6 Qb2 25. Qxh3 Rxd2 26. O-O Rcd8 27.
Rxd2 Rxd2 28. Bc4 b5 29. Bxb5 Qxb3 30. Qc8+ Kg7 31. Qb8 Qb2 32. Rf2 Bd4 33. Kg2
Rxf2+ 34. Kg1 Qb1+ 35. Bf1 35... Qxf1# {Hossa checkmated} 0-1

[Event "ICS rated blitz match"]
[Site "204.178.125.65"]
[Date "1999.08.21"]
[Round "?"]
[White "VESta"]
[Black "Hossa"]
[Result "0-1"]
[WhiteElo "2109"]
[BlackElo "2490"]
[PlyCount "64"]

1. e4 e5 2. Nf3 Nc6 3. Nc3 Bb4 4. g3 Bxc3 5. dxc3 Nge7 6. Bg2 O-O 7. O-O f5 8.
c4 fxe4 9. Ng5 Qe8 10. Nxe4 d6 11. c3 Be6 12. b3 Qd7 13. Ng5 Bg4 14. Qc2 Bf5
15. Be4 h6 16. Bxf5 Rxf5 17. Ne4 Rf3 18. Be3 Qf5 19. Rac1 Qh3 20. Nd2 Rf7 21.
Qe4 Raf8 22. Qg2 Qd7 23. Ne4 Qg4 24. h3 Qe2 25. a4 Qa2 26. c5 d5 27. Nd2 d4 28.
cxd4 exd4 29. Ra1 Qc2 30. Rac1 Qd3 31. Bf4 Rxf4 32. gxf4 32... Qxd2 {
VESta resigns} 0-1

[Event "ICS rated blitz match"]
[Site "204.178.125.65"]
[Date "1999.08.21"]
[Round "?"]
[White "Hossa"]
[Black "bookbuilder"]
[Result "0-1"]
[WhiteElo "2493"]
[BlackElo "2680"]
[PlyCount "118"]

1. d4 d5 2. c4 e6 3. Nc3 dxc4 4. e3 a6 5. Bxc4 Nf6 6. Nge2 Nc6 7. O-O Bd6 8. e4
Be7 9. Bf4 O-O 10. Rc1 Re8 11. f3 Qd7 12. Be3 b5 13. Bd3 Nb4 14. Bb1 Bb7 15. a3
Nc6 16. Qc2 g6 17. Rfd1 Bf8 18. Bg5 Nh5 19. g4 Ng7 20. Bf6 Na5 21. Kh1 Rec8 22.
b4 Nc4 23. Qb3 Ne8 24. Bh4 Bh6 25. g5 Qe7 26. Bd3 Ne3 27. Rg1 Nf5 28. gxh6 Nxh4
29. Rg3 Qf8 30. a4 c6 31. a5 Rd8 32. Nd1 Qxh6 33. Rc5 Nf6 34. Nf2 Qe3 35. Ng4
Nxg4 36. fxg4 Qf2 37. Qc3 Nf3 38. Rg2 Qf1+ 39. Ng1 Qe1 40. Qa3 Rxd4 41. Rc1 Qe3
42. Rc3 Ng5 43. Bxb5 Qxe4 44. Bd3 Rxd3 45. Rxd3 c5 46. Rdd2 cxb4 47. Qg3 Qb1
48. Qc7 Bxg2+ 49. Rxg2 Qe4 50. Qb6 Rc8 51. Qxa6 Rc2 52. Qf1 b3 53. Ne2 b2 54.
Qb1 Nh3 55. Qd1 Rxe2 56. Qd8+ Kg7 57. Qf6+ Kxf6 58. g5+ Nxg5 59. h3 59... Qxg2#
{Hossa checkmated} 0-1

[Event "ICS rated blitz match"]
[Site "204.178.125.65"]
[Date "1999.08.21"]
[Round "?"]
[White "Hossa"]
[Black "matar"]
[Result "1/2-1/2"]
[WhiteElo "2468"]
[BlackElo "2211"]
[PlyCount "109"]

1. c4 e6 2. Nf3 d5 3. d4 c6 4. Nc3 dxc4 5. e4 b5 6. a3 Bb7 7. Be3 Nd7 8. Be2 a6
9. b3 cxb3 10. Qxb3 Ngf6 11. O-O Be7 12. Rac1 O-O 13. Rfd1 Qb8 14. Ng5 Re8 15.
e5 Nd5 16. Qc2 Nf8 17. Nxd5 cxd5 18. Bd3 g6 19. Qb2 Rc8 20. Nf3 Qa7 21. Bh6
Rxc1 22. Rxc1 Rc8 23. Rxc8 Bxc8 24. Qc3 Qd7 25. Ng5 Bb7 26. f4 Qc6 27. Qa1 b4
28. axb4 Bxb4 29. Qd1 Qc3 30. Nf3 a5 31. g3 Bc6 32. Qf1 a4 33. Kh1 a3 34. Bxf8
Bxf8 35. Ne1 a2 36. Nc2 Ba4 37. Na1 Qxd4 38. Be2 Bc5 39. Bg4 Qd2 40. h3 Bd4 41.
h4 Qb2 42. Bxe6 fxe6 43. Qa6 Qxa1+ 44. Kg2 Qb2+ 45. Kh3 Bd7 46. Qa8+ Kg7 47.
Qd8 Bxe5 48. Qe7+ Kg8 49. Qd8+ Kf7 50. Qxd7+ Kf8 51. Qd8+ Kf7 52. Qd7+ Kf8 53.
Qd8+ Kf7 54. Qd7+ Kf8 55. Qd8+ {Game drawn by repetition} 1/2-1/2

[Event "ICS rated blitz match"]
[Site "204.178.125.65"]
[Date "1999.08.21"]
[Round "?"]
[White "matar"]
[Black "Hossa"]
[Result "1-0"]
[WhiteElo "2221"]
[BlackElo "2458"]
[Annotator "Fritz 5.32 (15s)"]
[PlyCount "74"]

1. e4 1... e5 {Opening = C70 - 4.Ba4 ---} 2. Nf3 Nc6 3. Bb5 a6 4. Ba4 b5 5. Bb3
Bb7 6. c3 Nf6 7. d4 (7. d3 h6 8. O-O d6 9. Re1 Be7 10. Nbd2 O-O 11. Nf1 Bc8 12.
Ne3 Be6 13. Bc2 Ng4 14. Nf5 Bxf5 15. exf5 Nf6 16. d4 exd4 17. Nxd4 Nxd4 18.
Qxd4 d5 19. Bf4 Bd6 20. Re2 Bxf4 21. Qxf4 21... Qd7 {
Goedecke,M-Hasivar,G/Bernkastel-Kues 1995/EXT 99/ - (52)}) 7... exd4 $146 (7...
Nxe4 8. dxe5 Qe7 9. Bd5 Nc5 10. O-O O-O-O 11. Re1 h6 12. Nd4 g6 13. f4 Bg7 14.
Be3 f6 15. Bxc6 Bxc6 16. Nxc6 dxc6 17. Qg4+ Kb7 18. Bd4 Nd3 19. Re3 fxe5 20.
fxe5 Nxe5 21. Qe4 Rhe8 22. Nd2 {
Schiffer,K-Mathonia,C/Groningen 1994/EXT 97/1-0 (51)}) 8. e5 Ng4 9. cxd4 Bb4+
10. Nc3 d6 11. Ng5 Nh6 12. e6 12... d5 $18 (12... Bxc3+ 13. bxc3 Qe7 14. O-O
$16) 13. O-O Bxc3 (13... Ne7 14. Qh5 O-O 15. exf7+ Rxf7 16. a3 $18) 14. bxc3 (
14. exf7+ Nxf7 15. Nxf7 Kxf7 16. Qf3+ Ke8 17. Bxd5 Qf6 18. bxc3 Qxf3 19. Bxf3
19... Kd7 $16) 14... O-O 15. Qh5 $16 (15. exf7+ $5 15... Nxf7 16. Ne6 16... Qd7
$18) 15... f5 16. Ba3 Ne7 17. Rae1 Rc8 18. Re3 18... c6 $18 (18... Qe8 $5 19.
Nf7 19... f4 $18) 19. Rfe1 Qe8 20. Nf7 Ng4 21. Rh3 {Mit der Mattdrohung Qxh7}
21... h6 (21... Nf6 {ist der letzte Rettungsanker} 22. Qg5 22... Rb8 $18) 22.
Bc2 (22. f3 b4 23. fxg4 fxg4 24. Qxg4 Rxf7 25. exf7+ 25... Qxf7 $18) 22... Rc7
(22... c5 {kann das Vorangegangene nicht ungeschehen machen} 23. Bxf5 Nxf5 24.
Qxf5 $18) 23. Bd6 Qc8 (23... Rc8 {hilft auch nicht mehr} 24. Bxe7 Qxe7 25. Bxf5
$18 (25. Qxf5 $143 25... Nf6 $18)) 24. Bxf5 (24. Bxe7 Rxe7 25. Bxf5 Rfe8 26.
Qxg4 Rxf7 27. exf7+ 27... Kxf7 $18) 24... Nxf5 25. Qxf5 (25. Qxg4 $6 {
ist sichtlich schlechter} 25... Rcxf7 26. exf7+ 26... Rxf7 $18) ({
Schwaecher ist} 25. Bxc7 25... Nxf2 26. Kxf2 Qxc7 27. Qxf5 Rxf7 28. Qxf7+ Qxf7+
29. exf7+ Kxf7 30. Rf3+ Kg6 31. Re6+ 31... Kh7 $18) 25... Rcxf7 26. exf7+ ({
Schlechter scheint} 26. Qxg4 26... Rf6 27. Bxf8 27... Qxf8 $18) 26... Rxf7 27.
Qxc8+ (27. Qg6 $5 $142 {laesst dem Gegner kaum Chancen} 27... Nf6 28. Rf3 28...
a5 $18) 27... Bxc8 28. Re8+ Kh7 29. Rxc8 Nxf2 30. Rf3 Rxf3 31. gxf3 Nd3 32.
Rxc6 Ne1 33. Kf2 Nd3+ 34. Ke3 (34. Ke2 {erleichterte Weiss die Gewinnfuehrung}
34... Nb2 35. Rxa6 35... Nc4 $18) 34... Nb2 35. Rxa6 Nc4+ (35... g5 {
holt die Kuh nicht vom Eis} 36. Ke2 $18) 36. Kf4 g6 (36... h5 {
waere gleichermassen fruchtlos} 37. Be5 Nd2 38. Ra7 $18) 37. Be5 g5+ 1-0

[Event "ICS rated blitz match"]
[Site "204.178.125.65"]
[Date "1999.08.21"]
[Round "?"]
[White "Hossa"]
[Black "matar"]
[Result "1-0"]
[WhiteElo "2433"]
[BlackElo "2246"]
[Annotator "Fritz 5.32 (15s)"]
[PlyCount "55"]

1. c4 1... e6 {Opening = D31 - 3.Nc3 --} 2. Nf3 d5 3. d4 c6 4. Nc3 dxc4 5. e4
b5 6. a3 (6. Bg5 Be7 7. Bxe7 Nxe7 8. a4 b4 9. Na2 a5 10. Bxc4 O-O 11. O-O Nd7
12. Qc2 c5 13. Rad1 cxd4 14. Nxd4 Qb6 15. Nb5 Ne5 16. Be2 Ba6 17. Rd6 Rac8 18.
Qd2 Rfd8 19. Rxd8+ {- Fedorowicz,J-Conquest,S/Hastings 1985/EXT 99 (19)}) 6...
Bb7 (6... Nd7 7. Be2 Ngf6 8. Bg5 Be7 9. O-O O-O 10. Qc2 a6 11. Rfd1 Re8 12. Ne5
Nxe5 13. Bxf6 Nd7 14. Bxe7 Qxe7 15. Bf3 e5 16. d5 Nc5 17. dxc6 Nb3 18. Nd5 Qe6
19. Nc7 Nxa1 20. Rxa1 Qxc6 21. Nxa8 {
Costa,R-Vavrak,P/Tallinn 1997/EXT 98/0-1 (42)}) 7. Be3 $146 (7. Be2 a6 8. O-O
Nf6 9. Bg5 h6 10. Bh4 g5 11. Bg3 Nbd7 12. Qc2 Be7 13. Rfd1 Qb6 14. b4 cxb3 15.
Qxb3 c5 16. e5 Nd5 17. Nxd5 Bxd5 18. Qb2 g4 19. Ne1 h5 20. f3 cxd4 21. fxg4
21... hxg4 {Jean,L-Budde,V/Cappelle 1995/EXT 97/0-1 (34)}) 7... a6 8. Be2 Nd7
9. b3 9... cxb3 {Auf den muss Weiss aufpassen} 10. Qxb3 Ngf6 11. a4 Be7 12. O-O
O-O 13. Rac1 Qb8 14. Bg5 b4 15. Nb1 Re8 16. Nbd2 a5 17. Bd3 e5 18. Rfd1 exd4
19. Bc4 19... c5 $14 (19... Rf8 $5 $142 20. Nxd4 20... Bd6 $17) 20. Bxf7+ Kh8
21. Bxe8 Qxe8 22. Re1 Nh5 23. Qe6 23... Ndf6 $16 (23... Nhf6 $5 $14 {
ist interessant}) 24. Ne5 24... h6 $2 $18 (24... Ra6 $5 $142 25. Qb3 h6 26.
Nf7+ 26... Kh7 $16) 25. Qxe7 $1 {die Entscheidung} 25... Qxe7 26. Ng6+ Kh7 27.
Nxe7 hxg5 28. Rxc5 (28. Rxc5 Nf4 29. Rb5 $18) 1-0

[Event "ICS rated blitz match"]
[Site "204.178.125.65"]
[Date "1999.08.21"]
[Round "?"]
[White "matar"]
[Black "Hossa"]
[Result "1-0"]
[WhiteElo "2238"]
[BlackElo "2441"]
[Annotator "Fritz 5.32 (15s)"]
[PlyCount "74"]

1. e4 1... e5 {Opening = C70 - 4.Ba4 ---} 2. Nf3 Nc6 3. Bb5 a6 4. Ba4 b5 5. Bb3
Bb7 6. c3 Nf6 7. d4 (7. d3 h6 8. O-O d6 9. Re1 Be7 10. Nbd2 O-O 11. Nf1 Bc8 12.
Ne3 Be6 13. Bc2 Ng4 14. Nf5 Bxf5 15. exf5 Nf6 16. d4 exd4 17. Nxd4 Nxd4 18.
Qxd4 d5 19. Bf4 Bd6 20. Re2 Bxf4 21. Qxf4 21... Qd7 {
Goedecke,M-Hasivar,G/Bernkastel-Kues 1995/EXT 99/ - (52)}) 7... exd4 $146 (7...
Nxe4 8. dxe5 Qe7 9. Bd5 Nc5 10. O-O O-O-O 11. Re1 h6 12. Nd4 g6 13. f4 Bg7 14.
Be3 f6 15. Bxc6 Bxc6 16. Nxc6 dxc6 17. Qg4+ Kb7 18. Bd4 Nd3 19. Re3 fxe5 20.
fxe5 Nxe5 21. Qe4 Rhe8 22. Nd2 {
Schiffer,K-Mathonia,C/Groningen 1994/EXT 97/1-0 (51)}) 8. e5 Ng4 9. cxd4 Bb4+
10. Nc3 d6 11. Ng5 Nh6 12. e6 12... d5 $18 (12... Bxc3+ 13. bxc3 Qe7 14. O-O
$16) 13. O-O Bxc3 (13... Ne7 14. Qh5 O-O 15. exf7+ Rxf7 16. a3 $18) 14. bxc3 (
14. exf7+ Nxf7 15. Nxf7 Kxf7 16. Qf3+ Ke8 17. Bxd5 Qf6 18. bxc3 Qxf3 19. Bxf3
19... Kd7 $16) 14... O-O 15. Qh5 $16 (15. exf7+ $5 15... Nxf7 16. Ne6 16... Qd7
$18) 15... f5 16. Ba3 Ne7 17. Rae1 Rc8 18. Re3 18... c6 $18 (18... Qe8 $5 19.
Nf7 19... f4 $18) 19. Rfe1 Qe8 20. Nf7 Ng4 21. Rh3 {Es droht Matt} 21... h6 (
21... Nf6 {lenkt den Gegner vielleicht noch ab} 22. Qg5 22... Rb8 $18) 22. Bc2
(22. f3 b4 23. fxg4 fxg4 24. Qxg4 Rxf7 25. exf7+ 25... Qxf7 $18) 22... Rc7 (
22... c5 {kann das Vorangegangene nicht ungeschehen machen} 23. Bxf5 Nxf5 24.
Qxf5 $18) 23. Bd6 Qc8 (23... Rc8 {aendert nichts mehr} 24. Bxe7 Qxe7 25. Bxf5
$18 (25. Qxf5 $143 25... Nf6 $18)) 24. Bxf5 (24. Bxe7 Rxe7 25. Bxf5 Rfe8 26.
Qxg4 Rxf7 27. exf7+ 27... Kxf7 $18) 24... Nxf5 25. Qxf5 (25. Qxg4 $6 {
ist naheliegend und schlecht} 25... Rcxf7 26. exf7+ 26... Rxf7 $18) ({Nicht} 
25. Bxc7 25... Nxf2 26. Kxf2 Qxc7 27. Qxf5 Rxf7 28. Qxf7+ Qxf7+ 29. exf7+ Kxf7
30. Rf3+ Kg6 31. Re6+ 31... Kh7 $18) 25... Rcxf7 26. exf7+ ({Und nicht} 26.
Qxg4 26... Rf6 27. Bxf8 27... Qxf8 $18) 26... Rxf7 27. Qxc8+ (27. Qg6 $5 $142 {
ist genauer} 27... Nf6 28. Rf3 28... a5 $18) 27... Bxc8 28. Re8+ {
Weiss fuehrt die Partie kraftvoll zu Ende} 28... Kh7 29. Rxc8 Nxf2 30. Rf3 Rxf3
31. gxf3 Nd3 32. Rxc6 Nc1 (32... a5 {hilft allerdings auch nicht} 33. Kf1 $18)
33. Rxa6 Ne2+ (33... g5 {aendert den traurigen Lauf der Dinge nicht} 34. Ra5
Ne2+ 35. Kf2 Nxc3 36. Ke3 $18) 34. Kf2 Nxc3 35. Ra7 Kg8 36. Be5 (36. Bb4 {
gibt noch groesseren Vorteil} 36... Na4 $18) 36... g5 37. Kg3 b4 1-0